| 000 | 00583nam a22002057a 4500 | ||
|---|---|---|---|
| 003 | OSt | ||
| 005 | 20140310182204.0 | ||
| 008 | 130903t xxu||||| |||| 00| 0 eng d | ||
| 020 | _a9812659048 | ||
| 050 |
_aQ 171 _b.G538 2006 |
||
| 082 |
_aHS 500 _bG538 2006 |
||
| 100 |
_aDi Giuseppe, Maurice _916384 |
||
| 245 |
_aScience perspectives 1 / _cMaurice Di Giuseppe |
||
| 260 |
_aSingapore : _bThomson Learning Asia, _cc2006. |
||
| 300 |
_a430 p. : _c25 cm. |
||
| 650 |
_aScience _xJuvenile literature _916385 |
||
| 650 |
_aScience _97100 |
||
| 942 |
_2lcc _cHS |
||
| 999 |
_c10293 _d10293 |
||